Tareekh e Anbiya (Record no. 71092)

000 -LEADER
fixed length control field 00485nam a22001817a 4500
003 - CONTROL NUMBER IDENTIFIER
control field NUST - PNEC
005 - DATE AND TIME OF LATEST TRANSACTION
control field 20170116181154.0
008 - FIXED-LENGTH DATA ELEMENTS--GENERAL INFORMATION
fixed length control field 160105b xxu||||| |||| 00| 0 eng d
020 ## - INTERNATIONAL STANDARD BOOK NUMBER
International Standard Book Number -
040 ## - CATALOGING SOURCE
Transcribing agency LIBRARY
082 ## - DEWEY DECIMAL CLASSIFICATION NUMBER
Classification number 297.6 ZUL
100 ## - MAIN ENTRY--PERSONAL NAME
9 (RLIN) 15704
Personal name Zulfiqar Arshad Gilani
245 ## - TITLE STATEMENT
Title Tareekh e Anbiya
Statement of responsibility, etc. Zulfiqar Arshad Gilani
260 ## - PUBLICATION, DISTRIBUTION, ETC.
Place of publication, distribution, etc. Lahore:
Name of publisher, distributor, etc. Ilm-o-dost Publications,
Date of publication, distribution, etc. c2005.
300 ## - PHYSICAL DESCRIPTION
Extent 512 p.:
650 ## - SUBJECT ADDED ENTRY--TOPICAL TERM
9 (RLIN) 15705
Topical term or geographic name entry element History, Islam
General subdivision General
942 ## - ADDED ENTRY ELEMENTS (KOHA)
Source of classification or shelving scheme
Koha item type Book
Holdings
Withdrawn status Lost status Source of classification or shelving scheme Damaged status Not for loan Permanent Location Current Location Shelving location Date acquired Total Checkouts Full call number Barcode Date last seen Price effective from Koha item type
          Pakistan Navy Engineering College (PNEC) Pakistan Navy Engineering College (PNEC)       297.6 ZUL PNECLIB-032150 01/05/2016   Book
© 2023 Central Library, National University of Sciences and Technology. All Rights Reserved.